[Event "FRA-chT Top 12 (Women) GpA"]
[Site "Rungis"]
[Date "2018.05.08"]
[Round "5.4"]
[White "Marchand, Laure"]
[Black "Dubois, Marie"]
[Result "0-1"]
[WhiteElo "1344"]
[BlackElo "1953"]
[PlyCount "156"]
[EventDate "2018.05.05"]
[EventType "team-tourn"]
[EventRounds "5"]
[EventCountry "FRA"]
[SourceTitle "CBM 184 Extra"]
[Source "ChessBase"]
[SourceDate "2018.06.28"]
[SourceVersion "1"]
[SourceVersionDate "2018.06.28"]
[SourceQuality "1"]
[WhiteTeam "Nimois (W)"]
[BlackTeam "Montpellier (W)"]
[WhiteTeamCountry "FRA"]
[BlackTeamCountry "FRA"]

1. e4 c5 2. Nf3 d6 3. d4 cxd4 4. Nxd4 Nf6 5. Nc3 a6 6. h3 e6 7. Bd3 Be7 8. Be3 Nbd7 9. Qd2 Qc7 10. f4 b5 11. 0-0-0 Bb7 12. Rhe1 b4 13. Nb1 Bxe4 14. g4 Bxd3 15. Qxd3 Nc5 16. Qe2 Nd5 17. Nd2 Qa5 18. Kb1 Na4 19. Qc4 Qc7 20. Qxc7 Nxc7 21. Nc6 Bf6 22. Nc4 Nb5 23. Nxd6+ Nxd6 24. Rxd6 Nxb2 25. Bd4 Nc4 26. Bxf6 Nxd6 27. Bxg7 Rg8 28. Bf6 Rg6 29. g5 Nf5 30. Ne5 Rg8 31. Rd1 Ne3 32. Rd7 Nd5 33. Rxf7 Rf8 34. Rxh7 Nxf6 35. gxf6 Rxf6 36. Nd3 Rf7 37. Rh8+ Rf8 38. Rh7 Rc8 39. Kb2 a5 40. h4 Rd8 41. Rg7 Rd5 42. Kb3 Rh8 43. Rg4 Ke7 44. Ne5 Kf6 45. Nc4 Rc8 46. Rg3 Rdc5 47. Ne3 Rc3+ 48. Kb2 a4 49. h5 Kf7 50. h6 Rh8 51. Rg7+ Kf8 52. Nd1 a3+ 53. Kc1 Rf3 54. Rg6 Kf7 55. Rg4 Rxh6 56. f5 Rf1 57. fxe6+ Rxe6 58. Rd4 Ree1 59. Rd2 Ke6 60. Rd8 Kf5 61. Rf8+ Ke4 62. Rd8 Rh1 63. Rd3 Reg1 64. Rd2 Rh3 65. Rd7 Rh5 66. Rd2 Rc5 67. Re2+ Kd4 68. Kd2 Rg3 69. Ne3 Rc3 70. Nf5+ Kc5 71. Nxg3 Rxg3 72. Re4 Rg1 73. Re1 Rg4 74. Re3 Kc4 75. Re1 Rg2+ 76. Kc1 Kb5 77. Kb1 Kc4 78. Kc1 Kd4 0-1

[Event "FRA-chT Top 12 (Women) GpA"]
[Site "Rungis"]
[Date "2018.05.06"]
[Round "2.8"]
[White "Marchand, Laure"]
[Black "De Talance, Berenice"]
[Result "0-1"]
[WhiteElo "1344"]
[BlackElo "1660"]
[PlyCount "138"]
[EventDate "2018.05.05"]
[EventType "team-tourn"]
[EventRounds "5"]
[EventCountry "FRA"]
[SourceTitle "CBM 184 Extra"]
[Source "ChessBase"]
[SourceDate "2018.06.28"]
[SourceVersion "1"]
[SourceVersionDate "2018.06.28"]
[SourceQuality "1"]
[WhiteTeam "Nimois (W)"]
[BlackTeam "Vandoeuvre (W)"]
[WhiteTeamCountry "FRA"]
[BlackTeamCountry "FRA"]

1. e4 e6 2. d4 d5 3. Nc3 Bb4 4. f3 dxe4 5. Bf4 Nf6 6. a3 Bxc3+ 7. bxc3 Nd5 8. Bg3 Qg5 9. Qd2 e3 10. Qd3 f5 11. Nh3 Qh6 12. f4 Nd7 13. c4 N5f6 14. Be2 Ne4 15. Qxe3 Ndf6 16. 0-0 0-0 17. Ng5 b6 18. Bd3 Ng4 19. Qf3 Nxg3 20. Qxg3 Bb7 21. h3 Nf6 22. Rae1 Nh5 23. Qe3 Rae8 24. Be2 Rf6 25. Bxh5 Qxh5 26. Kh2 h6 27. Nf3 Be4 28. c3 Qf7 29. Ne5 Qe7 30. a4 Qa3 31. Ra1 Qb2 32. Qg3 c5 33. Rac1 Rd8 34. Qf2 Qxf2 35. Rxf2 cxd4 36. Rd2 d3 37. Rcd1 Rc8 38. Kg1 Rff8 39. Kf2 Rfd8 40. Ke3 Rc5 41. g3 Kf8 42. g4 Ke7 43. g5 hxg5 44. fxg5 Rxe5 45. Kf4 Rc5 46. h4 Rxc4 47. Ke3 Rxc3 48. Ra2 Rc2 49. Raa1 d2 50. Ra3 e5 51. h5 f4+ 52. Kxe4 Rc1 53. Rxd2 Rxd2 54. Rh3 Re2+ 55. Kf5 Rc6 56. h6 gxh6 57. gxh6 Rf6+ 58. Kg4 Rg2+ 59. Kf3 Rg3+ 60. Rxg3 fxg3+ 61. Kxg3 Rxh6 62. Kf3 Rh4 63. Kg3 Rf4 64. Kg2 Kf6 65. Kg1 Kg5 66. Kg2 Kg4 67. Kg1 Kg3 68. a5 bxa5 69. Kh1 Rf1# 0-1